[Event "XVe Open International de l'Indre"]
[Site "Chateauroux - FRA"]
[Date "2014.10.26"]
[Round "2.4"]
[White "Budak, Rewi"]
[Black "Bujisho, Benjamin"]
[Result "0-1"]
[WhiteElo "1829"]
[BlackElo "2350"]
[Board "4"]
[Input " "]
[Owner "FFE"]

1.e4 c5 2.Nc3 Nc6 3.f4 g6 4.Nf3 Bg7 5.Bc4 e6 6.O-O Nge7 7.d3 O-O 8.
Qe1 d5 9.Bb3 Nd4 10.Qh4 Nxf3+ 11.Rxf3 Nc6 12.Qxd8 Rxd8 13.Ne2 b6 14.
c3 Ba6 15.Ng3 dxe4 16.dxe4 Bd3 17.Rf2 Na5 18.f5 Nxb3 19.axb3 Be5 20.
Bh6 gxf5 21.exf5 Bxg3 22.hxg3 Bxf5 23.Rd2 Rxd2 24.Bxd2 f6 25.b4 cxb4 
26.cxb4 Kf7 27.Be3 Be4 28.b5 h5 29.Ra4 Bd5 30.Bf2 e5 31.Be3 Kg6 32.
Bf2 Rc8 33.Rxa7 Rc1+ 34.Kh2 Rc2 35.Kg1 Rxb2 36.Ra6 Rxb5 37.Rxb6 Ra5 
38.g4 Ra1+ 39.Kh2 hxg4 40.Bh4 Kh5 41.Bxf6 Ra2 42.Rb5 Rxg2+ 43.Kh1 
Rd2+ 44.Kg1 g3 0-1

[Event "XVe Open International de l'Indre"]
[Site "Chateauroux - FRA"]
[Date "2014.10.26"]
[Round "2.5"]
[White "Labbe, Georges"]
[Black "Malczyk, Jakub"]
[Result "0-1"]
[WhiteElo "1819"]
[BlackElo "2068"]
[Board "5"]
[Input " "]
[Owner "FFE"]

1.e4 d5 2.exd5 Qxd5 3.Nc3 Qd6 4.d4 Nf6 5.Nf3 a6 6.a4 Bg4 7.Be2 Nc6 8.
Be3 e6 9.h3 Bh5 10.Qd2 Be7 11.O-O O-O 12.Rfe1 Bg6 13.Bd3 Qb4 14.Bxg6 
hxg6 15.b3 Rad8 16.Qd3 e5 17.d5 e4 18.Qc4 Na5 0-1

[Event "XVe Open International de l'Indre"]
[Site "Chateauroux - FRA"]
[Date "2014.10.26"]
[Round "2.6"]
[White "Valette, Christian"]
[Black "Kapala, Serge"]
[Result "1-0"]
[WhiteElo "2042"]
[BlackElo "1782"]
[Board "6"]
[Input " "]
[Owner "FFE"]

1.Nf3 d5 2.c4 Nf6 3.cxd5 Qxd5 4.Nc3 Qa5 5.g3 Bf5 6.Qb3 Qb6 7.Qxb6 
axb6 8.Nd4 Bd7 9.Bg2 Nc6 10.Ndb5 Kd8 11.O-O h5 12.d4 e6 13.Bf4 Ne8 
14.d5 Na5 15.dxe6 Bxe6 16.Rfd1+ Kc8 17.Rac1 Nc4 18.Nd5 Bxd5 19.Rxd5 
1-0

[Event "XVe Open International de l'Indre"]
[Site "Chateauroux - FRA"]
[Date "2014.10.26"]
[Round "2.7"]
[White "Viers, Matthieu"]
[Black "Egreteau, Eric"]
[Result "1-0"]
[WhiteElo "1794"]
[BlackElo "2038"]
[Board "7"]
[Input " "]
[Owner "FFE"]

1.e4 d6 2.Nc3 e5 3.Bc4 Nf6 4.d3 c6 5.f4 b5 6.Bb3 Nbd7 7.Nf3 Be7 8.Ne2
Qc7 9.Ng3 Nc5 10.fxe5 dxe5 11.c3 Nxb3 12.axb3 g6 13.O-O h5 14.Bg5 Ng4
15.Bxe7 Qxe7 16.Qd2 h4 17.Ne2 Kf8 18.d4 exd4 19.Qxd4 Kg8 20.h3 c5 21.
Qd3 Ne5 22.Qxb5 Nxf3+ 23.Rxf3 Qxe4 24.Nf4 Bf5 25.Qxc5 a6 26.Nd5 Kg7 
27.Re3 Rhc8 28.Qd6 Qc2 29.Qf6+ Kh7 30.Qxh4+ Kg7 31.Qf6+ Kh7 32.Ra4 
Qd1+ 33.Kh2 1-0

[Event "XVe Open International de l'Indre"]
[Site "Chateauroux - FRA"]
[Date "2014.10.26"]
[Round "2.8"]
[White "Viers, Emmanuel"]
[Black "Palomar, Felix"]
[Result "1-0"]
[WhiteElo "2035"]
[BlackElo "1726"]
[Board "8"]
[Input " "]
[Owner "FFE"]

1.e4 c5 2.Nc3 Nc6 3.Bb5 Nd4 4.Bc4 e6 5.Nge2 Nc6 6.d3 d6 7.O-O g6 8.f4
Bg7 9.Ng3 Nge7 10.f5 exf5 11.Bg5 Qa5 12.Bxe7 Nxe7 13.exf5 Bd4+ 14.Kh1
O-O 15.f6 Nc6 16.Qd2 Qd8 17.Nge4 1-0

[Event "XVe Open International de l'Indre"]
[Site "Chateauroux - FRA"]
[Date "2014.10.26"]
[Round "2.9"]
[White "Darre, Alain"]
[Black "Sobry, Sebastien"]
[Result "0-1"]
[WhiteElo "1643"]
[BlackElo "2033"]
[Board "9"]
[Input " "]
[Owner "FFE"]

1.d4 Nf6 2.Nc3 d5 3.Bg5 e6 4.Nf3 Be7 5.Bxf6 Bxf6 6.e4 dxe4 7.Nxe4 O-O
8.Bc4 b6 9.c3 Be7 10.Qe2 c6 11.O-O a5 12.Rfe1 Ba6 13.Ne5 Qc7 14.Rad1 
c5 15.a3 cxd4 16.cxd4 Bxc4 17.Qxc4 Qxc4 18.Nxc4 b5 19.Ne5 Rd8 20.Rd3 
f6 21.Nf3 Ra7 22.Red1 Rad7 23.Kf1 Na6 24.Ke2 b4 25.Ng3 Nc7 26.Nf1 Nd5
27.g3 bxa3 28.bxa3 Rc8 29.Ke1 Nc3 30.Rc1 Bxa3 31.Rc2 Bb4 32.N1d2 Rdc7
33.Kf1 a4 34.Rb2 Ba5 35.Nb1 Nxb1 36.Rxb1 Rc1+ 37.Rd1 Rxb1 38.Rxb1 Bc3
39.Rb6 Ra8 40.Ne1 a3 41.Nc2 a2 42.Rxe6 Bxd4 43.Re1 a1=Q 44.Nxa1 Rxa1 
45.h3 Kf7 46.g4 Rxe1+ 47.Kxe1 Ke6 48.f4 Be3 49.f5+ Ke5 50.Ke2 Kf4 0-1

[Event "XVe Open International de l'Indre"]
[Site "Chateauroux - FRA"]
[Date "2014.10.26"]
[Round "2.10"]
[White "Laudat, Philippe"]
[Black "Kessler, Stefan"]
[Result "0-1"]
[WhiteElo "1533"]
[BlackElo "2023"]
[Board "10"]
[Input " "]
[Owner "FFE"]

1.d4 Nf6 2.Bf4 g6 3.e3 Bg7 4.Nf3 O-O 5.Nbd2 d5 6.c4 c5 7.Be2 Nc6 8.
O-O Qb6 9.Qb3 Rd8 10.dxc5 Qxc5 11.cxd5 Nxd5 12.Rac1 Qb4 13.Rc4 Qxb3 
14.Nxb3 Nxf4 15.Rxf4 Bxb2 16.Bc4 e6 17.Ng5 Ne5 18.Be2 b6 19.Nd4 Bb7 
20.Bf3 Bxf3 21.Ndxf3 Nxf3+ 22.Rxf3 Rd7 23.h4 h6 24.Ne4 Rad8 25.Rb1 
Be5 26.g3 Rd1+ 27.Rxd1 Rxd1+ 28.Kg2 f5 0-1

[Event "XVe Open International de l'Indre"]
[Site "Chateauroux - FRA"]
[Date "2014.10.26"]
[Round "2.11"]
[White "Petit, Matthias"]
[Black "Letemple, Frederic"]
[Result "0-1"]
[WhiteElo "1263"]
[BlackElo "1950"]
[Board "11"]
[Input " "]
[Owner "FFE"]

1.f4 g6 2.e4 d6 3.Nf3 Bg7 4.d4 Nf6 5.Nc3 O-O 6.Be2 c5 7.Be3 Ng4 8.Qd2
Nxe3 9.Qxe3 cxd4 10.Nxd4 Qb6 11.Nd5 Qxd4 12.Qxd4 Bxd4 13.Nc7 Bxb2 14.
Rd1 Bc3+ 15.Kf2 Ba5 16.Nxa8 Nc6 17.Rd5 Bd8 18.Rb1 b6 19.Bb5 Bb7 20.
Nxb6 Bxb6+ 21.Kg3 Nd4 22.Rg5 Bxe4 23.Bd3 Nf5+ 24.Kh3 Bxd3 25.cxd3 h6 
26.Rg4 h5 27.Rg5 f6 28.Rxg6+ Kf7 29.Rg3 Nxg3 30.Kxg3 Rg8+ 31.Kf3 Rc8 
32.Rb5 Rc5 33.Rxc5 Bxc5 34.Ke4 e6 35.Kf3 f5 36.h3 Kf6 37.Kg3 e5 38.
Kf3 d5 39.a4 e4+ 40.dxe4 fxe4+ 41.Kg3 d4 42.a5 d3 43.a6 d2 44.Kh4 
d1=Q 45.f5 Bf2+ 46.g3 Bxg3+ 47.Kxg3 Qf3+ 48.Kh4 Qf4+ 0-1

[Event "XVe Open International de l'Indre"]
[Site "Chateauroux - FRA"]
[Date "2014.10.26"]
[Round "2.12"]
[White "Augereau, Cyrille"]
[Black "Trendowski, Michal"]
[Result "1/2-1/2"]
[WhiteElo "1943"]
[BlackElo "1569"]
[Board "12"]
[Input " "]
[Owner "FFE"]

1.Nc3 c5 2.d4 cxd4 3.Qxd4 Nc6 4.Qh4 d5 5.e4 d4 6.Nd5 Nf6 7.Nxf6+ exf6
8.Nf3 Bb4+ 9.Bd2 Bxd2+ 10.Nxd2 O-O 11.Bd3 Qa5 12.Qf4 Ne5 13.a3 Nxd3+ 
14.cxd3 Be6 15.b4 Qe5 16.Qxe5 fxe5 17.Ke2 Rfc8 18.Rhc1 b5 19.f4 f6 
20.fxe5 fxe5 21.Nf3 Bg4 22.Kd2 Bxf3 23.gxf3 Kf7 24.a4 bxa4 25.Rxa4 
Rxc1 26.Kxc1 Rc8+ 27.Kd2 Rc7 28.Ra5 Kf6 29.h4 Rb7 30.f4 exf4 31.Rf5+ 
Ke6 32.b5 Rf7 33.Rd5 f3 34.Ke1 f2+ 35.Kf1 Rf4 36.Rxd4 Rxh4 37.Kxf2 
Rf4+ 38.Ke3 g5 39.Rc4 Kd7 40.Rc5 Rg4 41.Rf5 Ke7 42.d4 h5 43.Kf3 Ke6 
44.d5+ Kd6 45.Rf6+ Ke5 46.Re6+ Kd4 47.d6 Rf4+ 48.Ke2 Rf8 49.Rg6 Kxe4 
1/2-1/2

[Event "XVe Open International de l'Indre"]
[Site "Chateauroux - FRA"]
[Date "2014.10.26"]
[Round "2.13"]
[White "Dubost, Christophe"]
[Black "Chaudagne, Christophe"]
[Result "0-1"]
[WhiteElo "1838"]
[BlackElo "2108"]
[EventDate "2014.10.25"]
[Board "13"]
[Input " "]
[Owner "FFE"]

1.d4 Nf6 2.Nf3 g6 3.Nc3 d5 4.Bg5 Nbd7 5.e3 Bg7 6.Bd3 b6 7.e4 dxe4 8.
Nxe4 Bb7 9.Qe2 O-O 10.O-O h6 11.Nxf6+ exf6 12.Be3 f5 13.Ba6 Qc8 14.
Bxb7 Qxb7 15.Ne1 Rfe8 16.Qd2 g5 17.f3 Qd5 18.c3 Rad8 19.Nc2 c5 20.
Rfd1 f4 21.Bf2 c4 22.Re1 Ne5 23.Nb4 Qb7 24.Qc1 Ng6 25.b3 a5 26.Nc2 
cxb3 27.axb3 h5 28.b4 axb4 29.Nxb4 g4 30.fxg4 hxg4 31.Rxe8+ Rxe8 32.
d5 Re2 33.Ra6 Rxf2 34.Kxf2 Bf8 35.Qf1 Bc5+ 36.Ke1 f3 37.gxf3 gxf3 38.
Nc6 Qc8 39.Ra2 Qf5 40.Ra1 Qxd5 41.Nd4 Ne5 42.Rd1 Qe4+ 43.Kd2 Bxd4 44.
cxd4 Qxd4+ 45.Kc2 Qa4+ 46.Kc1 Qf4+ 47.Kc2 Ng4 48.Rd8+ Kg7 49.Qa1+ Kg6
50.Rg8+ Kf5 51.Rf8 Qc4+ 52.Kb1 Qb4+ 53.Kc1 Qxf8 54.Qb1+ Kg5 55.Qb5+ 
0-1

[Event "XVe Open International de l'Indre"]
[Site "Chateauroux - FRA"]
[Date "2014.10.26"]
[Round "2.14"]
[White "Gauthier, Cyrille"]
[Black "Wierzbowska, Aleksandra"]
[Result "1-0"]
[WhiteElo "2013"]
[BlackElo "1409"]
[Board "14"]
[Input " "]
[Owner "FFE"]

1.e4 c5 2.Nf3 Nc6 3.d4 cxd4 4.Nxd4 Nf6 5.Nc3 e5 6.Ndb5 d6 7.a4 a6 8.
Na3 Be6 9.Bg5 Qb6 10.Rb1 Ng4 11.Qd2 h6 12.Bh4 Be7 13.Bxe7 Nxe7 14.Nc4
Bxc4 15.Bxc4 Rc8 16.Bb3 Qb4 17.O-O Nf6 18.Rfe1 O-O 19.Rbd1 Rfd8 20.
Re3 Nc6 21.Nd5 Nxd5 22.Qxd5 Rd7 23.c3 Qb6 24.Rf3 Rf8 25.Rd2 Ne7 26.
Qc4 Rc7 27.Qb4 Qxb4 28.cxb4 Rc1+ 29.Rd1 Rxd1+ 30.Bxd1 Nc6 31.Rc3 Rd8 
32.Kf1 Nxb4 33.Rc7 d5 34.Rxb7 dxe4 35.Bb3 Nd5 36.Rc7 e3 37.Bxd5 Rxd5 
38.fxe3 a5 39.Ke2 e4 40.Rb7 Rc5 41.Kd2 Rd5+ 42.Kc2 Rc5+ 43.Kd2 Rd5+ 
44.Kc2 Rc5+ 45.Kb3 Rd5 46.Kc4 Rd3 47.Rb5 Rxe3 48.Rxa5 Re2 49.b4 Rc2+ 
50.Kd4 Rxg2 51.b5 f5 52.b6 Rd2+ 53.Ke3 Rd3+ 54.Ke2 f4 55.b7 f3+ 56.
Ke1 Rd8 57.Ra8 Kf7 58.Rxd8 e3 59.b8=Q f2+ 60.Ke2 g5 61.Qd6 f1=Q+ 62.
Kxf1 e2+ 63.Kxe2 Kg7 64.Rd7+ Kg8 65.Qb8# 1-0

[Event "XVe Open International de l'Indre"]
[Site "Chateauroux - FRA"]
[Date "2014.10.26"]
[Round "2.15"]
[White "Zarebski, Cezary"]
[Black "Sogny, Richard"]
[Result "1-0"]
[WhiteElo "2025"]
[BlackElo "1624"]
[Board "15"]
[Input " "]
[Owner "FFE"]

1.e4 c5 2.Nf3 Nc6 3.d4 cxd4 4.Nxd4 Nf6 5.Nc3 e6 6.Be2 Be7 7.Be3 a6 8.
a4 O-O 9.Qd2 d5 10.O-O e5 11.Nxc6 bxc6 12.exd5 cxd5 13.Bg5 d4 14.Nd1 
Ne4 15.Bxe7 Nxd2 16.Bxd8 Rxd8 17.Re1 Bb7 18.f3 Rac8 19.Bd3 Nc4 20.b3 
Nd6 21.Rxe5 Re8 22.Rxe8+ Rxe8 23.Kf2 a5 24.Nb2 g6 25.Rd1 f5 26.Bc4+ 
Nxc4 27.Nxc4 Rd8 28.Nxa5 Ba8 29.c3 d3 30.Ke3 d2 31.Rxd2 f4+ 32.Ke2 
Rxd2+ 33.Kxd2 Kf7 34.b4 g5 35.b5 Ke6 36.b6 Kd7 37.b7 Bxb7 38.Nxb7 Kc6
39.h4 Kxb7 40.hxg5 1-0

[Event "XVe Open International de l'Indre"]
[Site "Chateauroux - FRA"]
[Date "2014.10.26"]
[Round "2.16"]
[White "Azen, Bernard"]
[Black "Gedda, Peder"]
[Result "0-1"]
[WhiteElo "1540"]
[BlackElo "1801"]
[Board "16"]
[Input " "]
[Owner "FFE"]

1.d4 e6 2.c4 c5 3.Nf3 d6 4.Nc3 a6 5.e4 Qc7 6.d5 g6 7.Be2 Bg7 8.Bd2 
Nf6 9.O-O O-O 10.a4 exd5 11.exd5 b6 12.Bf4 Bf5 13.Nh4 Re8 14.Nxf5 
gxf5 15.Qc2 Ne4 16.Bd3 Bxc3 17.bxc3 Qe7 18.Rfe1 Nd7 19.f3 Qf6 20.Bd2 
Nxd2 21.Qxd2 Ne5 22.Bf1 Kh8 23.Rab1 Rg8 24.Kh1 Rg6 25.Rxb6 Rag8 26.
Qf4 Rg5 27.Rxa6 Rh5 28.Rxd6 Qxd6 29.Qxe5+ Qxe5 30.Rxe5 Rh6 31.Bd3 Ra8
32.h3 Rxa4 33.Rxf5 Kg7 34.Kh2 Ra3 35.Rf4 Rxc3 36.Rg4+ Kf8 37.Be2 Rb6 
38.Kg3 Rb2 39.Bd1 Ra3 40.Kh4 Rd2 0-1

[Event "XVe Open International de l'Indre"]
[Site "Chateauroux - FRA"]
[Date "2014.10.26"]
[Round "2.17"]
[White "Daliga, Anita"]
[Black "Le Bail, Stephane"]
[Result "0-1"]
[WhiteElo "1489"]
[BlackElo "1754"]
[Board "17"]
[Input " "]
[Owner "FFE"]

1.e4 e5 2.Nf3 Nc6 3.Bb5 Bc5 4.d3 d6 5.Nc3 Bd7 6.O-O Nge7 7.Be3 Nd4 8.
Bxd7+ Qxd7 9.a3 a6 10.Bxd4 exd4 11.Ne2 Nc6 12.Ng3 Ne5 13.Nd2 g6 14.h3
O-O-O 15.b4 Ba7 16.a4 f5 17.Nc4 f4 18.Nh1 Rhf8 19.f3 Nxc4 20.dxc4 d3+
21.Nf2 dxc2 22.Qxc2 Be3 23.Kh2 h5 24.Nd1 Bd4 25.Ra2 g5 26.Qd2 Qg7 27.
Qe1 g4 28.b5 gxh3 29.gxh3 Rg8 30.Qh4 Qg6 31.Kh1 Rdf8 32.Qe1 Qe6 33.
Kh2 Rg3 34.Kh1 Rxh3+ 35.Rh2 Rxh2+ 36.Kxh2 Qxc4 37.bxa6 Qxa6 38.Nf2 
Qc4 39.Nh3 Qc2+ 40.Kh1 Be3 41.Qa5 Kb8 42.Qxh5 Rg8 43.Ng5 Qc5 44.Qf7 
Qxg5 0-1

[Event "XVe Open International de l'Indre"]
[Site "Chateauroux - FRA"]
[Date "2014.10.26"]
[Round "2.18"]
[White "Bleau, Adrien"]
[Black "Florence, Gerard"]
[Result "0-1"]
[WhiteElo "1752"]
[BlackElo "1537"]
[Board "18"]
[Input " "]
[Owner "FFE"]

1.e4 c5 2.Nf3 d6 3.d4 cxd4 4.Nxd4 a6 5.Nc3 Nf6 6.Be3 e5 7.Nb3 Nc6 8.
f3 Be6 9.Qd2 Be7 10.O-O-O Rc8 11.g4 h6 12.h4 Nb4 13.a3 Na2+ 14.Nxa2 
Bxb3 15.Nc3 Be6 16.Kb1 Nd7 17.Nd5 Bxd5 18.Qxd5 b5 19.Be2 Qc7 20.c3 
Nb6 21.Bxb6 Qxb6 22.g5 Rc5 23.Qb3 g6 24.h5 gxh5 25.Rxh5 Bxg5 26.Rdh1 
Qd8 27.Rg1 Qf6 28.a4 O-O 29.axb5 axb5 30.Qd1 Rd8 31.Qc1 Kf8 32.Rhxg5 
hxg5 33.Rxg5 Qe6 34.Qg1 Ke7 35.Rf5 Ra8 36.Qf1 Rxc3 37.bxc3 Qb3+ 38.
Kc1 Qxc3+ 0-1

[Event "XVe Open International de l'Indre"]
[Site "Chateauroux - FRA"]
[Date "2014.10.26"]
[Round "2.19"]
[White "Claudon, Andreas"]
[Black "Cassonnet, Arnaud"]
[Result "1-0"]
[WhiteElo "1479"]
[BlackElo "1730"]
[Board "19"]
[Input " "]
[Owner "FFE"]

1.e4 d5 2.exd5 Qxd5 3.Qf3 Nf6 4.Nc3 Qxf3 5.Nxf3 Nc6 6.Nb5 Kd8 7.Ng5 
Be6 8.Nxe6+ fxe6 9.Bc4 Nd5 10.O-O Na5 11.d3 a6 12.Nd4 Nxc4 13.Nxe6+ 
Kd7 14.Nxf8+ Rhxf8 15.dxc4 Nf6 16.Re1 Rae8 17.Be3 Kc8 18.Rad1 Rd8 19.
h3 b6 20.Bg5 Rd7 21.Rxd7 Kxd7 22.f3 h6 23.Bh4 g5 24.Bf2 e6 25.Bd4 Ne8
26.Be5 Rf7 27.b3 a5 28.a4 Nd6 29.Kf2 Rf5 30.g4 Rf7 31.Kg3 Kc6 32.f4 
Kd7 33.h4 gxh4+ 34.Kxh4 Re7 35.Kh5 Nf7 36.Kg6 Ke8 37.Rd1 c6 38.Bf6 
Rb7 39.Re1 Rc7 40.Rxe6+ 1-0

[Event "XVe Open International de l'Indre"]
[Site "Chateauroux - FRA"]
[Date "2014.10.26"]
[Round "2.20"]
[White "Meunier-Pion, Jean"]
[Black "Budak, Rezan"]
[Result "1-0"]
[WhiteElo "1730"]
[BlackElo "1482"]
[Board "20"]
[Input " "]
[Owner "FFE"]

1.e4 c5 2.Nf3 e6 3.c3 Nf6 4.e5 Nd5 5.d4 Nc6 6.Be2 cxd4 7.cxd4 Qb6 8.
O-O d6 9.Na3 dxe5 10.Nc4 Qc7 11.dxe5 Bd7 12.Re1 b5 13.Ne3 Nxe3 14.
Bxe3 Nxe5 15.Bf4 f6 16.Nxe5 fxe5 17.Bh5+ Kd8 18.Bxe5 Qb6 19.Qf3 Bc6 
20.Red1+ Kc8 21.Qf7 Bd5 22.Rxd5 exd5 23.Bg4+ Kd8 24.Qd7# 1-0

[Event "XVe Open International de l'Indre"]
[Site "Chateauroux - FRA"]
[Date "2014.10.26"]
[Round "2.21"]
[White "Rogier, Jean-Louis"]
[Black "Clement, Christian"]
[Result "1-0"]
[WhiteElo "1685"]
[BlackElo "1403"]
[Board "21"]
[Input " "]
[Owner "FFE"]

1.d4 d5 2.Nf3 Nf6 3.Bf4 e6 4.h3 Be7 5.e3 a6 6.Nbd2 O-O 7.Bd3 Nc6 8.
O-O h6 9.c3 Re8 10.Qb3 Na5 11.Qc2 b6 12.b4 Nb7 13.Ne5 Nd6 14.a4 Bb7 
15.Rfb1 Nfe4 16.Nxe4 Nxe4 17.c4 Rb8 18.c5 bxc5 19.bxc5 c6 20.Nxc6 
Bxc6 21.Rxb8 Qd7 22.Rxe8+ Qxe8 23.Bxa6 g5 24.Bh2 f5 25.Rb1 Qd7 26.Bb5
Kf7 27.Bxc6 Qxc6 28.Rb6 Qa8 29.c6 Qa5 30.Rb1 Nc3 31.Rc1 Bb4 32.Be5 
Qa6 33.c7 Qc6 34.Kh2 Ba5 35.Qb3 Ke7 36.Qb8 1-0

[Event "XVe Open International de l'Indre"]
[Site "Chateauroux - FRA"]
[Date "2014.10.26"]
[Round "2.22"]
[White "Bleau, Benoit"]
[Black "Augonnet, Herve"]
[Result "0-1"]
[WhiteElo "1278"]
[BlackElo "1682"]
[Board "22"]
[Input " "]
[Owner "FFE"]

1.e4 c5 2.Nf3 d6 3.Nc3 Nc6 4.Bb5 Bd7 5.O-O Nf6 6.d4 cxd4 7.Nxd4 g6 8.
Be3 Bg7 9.Nd5 Nxe4 10.h3 O-O 11.c3 Nf6 12.Nxf6+ Bxf6 13.Bh6 Re8 14.
Re1 Nxd4 15.Bxd7 Qxd7 16.cxd4 Qb5 17.Rb1 Qd5 18.Be3 Qxa2 19.Qc2 Qd5 
20.Red1 Rac8 21.Qa4 a6 22.Rbc1 Rc6 23.Rc3 Rec8 24.Rdc1 Rxc3 25.Rxc3 
Rxc3 26.bxc3 Qc6 27.Qb3 d5 28.Qb4 Kg7 29.f3 e5 30.Kf2 exd4 31.Bxd4 
Bxd4+ 32.Qxd4+ Kg8 33.Qe5 b5 34.Qb8+ Kg7 35.Qe5+ Qf6 36.Qxd5 Qxc3 37.
Qb7 b4 38.Qxa6 b3 39.Qb6 b2 40.Kg3 Qe1+ 41.Kg4 Qe6+ 0-1

[Event "XVe Open International de l'Indre"]
[Site "Chateauroux - FRA"]
[Date "2014.10.26"]
[Round "2.23"]
[White "Owen, Michael"]
[Black "Krianga, Georgii"]
[Result "1-0"]
[WhiteElo "1682"]
[BlackElo "1277"]
[Board "23"]
[Input " "]
[Owner "FFE"]

1.b4 e5 2.Bb2 d6 3.c4 Bf5 4.e3 Nf6 5.Nf3 Nc6 6.a3 a6 7.Be2 g6 8.d4 
exd4 9.exd4 Bg7 10.d5 Na7 11.Nbd2 O-O 12.O-O Re8 13.Nd4 Qd7 14.N2b3 
Nc8 15.Bd3 Bxd3 16.Qxd3 Nb6 17.Rae1 Rxe1 18.Rxe1 Re8 19.Rxe8+ Qxe8 
20.Nf3 Na4 21.Bd4 Ng4 22.Bxg7 Kxg7 23.Qd4+ Ne5 24.Na5 Nb6 25.c5 Nd7 
26.Nxb7 dxc5 27.bxc5 f6 28.Nxe5 Qxe5 29.Qxe5 Nxe5 30.Kf1 Kf7 31.Ke2 
Ke7 32.f4 Nc4 33.a4 Kd7 34.c6+ Kc8 35.a5 g5 36.Kf3 h5 37.Ke4 g4 38.
Kd3 Nb2+ 39.Kd4 Na4 40.Nc5 Nxc5 41.Kxc5 Kd8 42.d6 h4 43.f5 g3 44.h3 
Kc8 45.Kd5 Kd8 46.Ke6 cxd6 47.Kxd6 Kc8 48.c7 Kb7 49.Kd7 Ka7 50.Kd8 
Kb7 51.c8=Q+ Ka7 52.Qc5+ Ka8 53.Qc6+ Ka7 54.Qxf6 Kb7 55.Qe7+ Kc6 56.
Qc7+ Kb5 57.f6 Ka4 58.f7 Kb5 59.f8=Q Ka4 60.Qff4+ Kb5 61.Qfc4# 1-0

[Event "XVe Open International de l'Indre"]
[Site "Chateauroux - FRA"]
[Date "2014.10.26"]
[Round "2.24"]
[White "Bohdanowicz, Nikola"]
[Black "Gauclain, Loic"]
[Result "0-1"]
[WhiteElo "1146"]
[BlackElo "1675"]
[Board "24"]
[Input " "]
[Owner "FFE"]

1.d4 d5 2.c4 Bf5 3.Nf3 e6 4.Nc3 Nf6 5.Bg5 Be7 6.e3 O-O 7.cxd5 Nxd5 8.
Nxd5 exd5 9.Bf4 c6 10.Bd3 Qa5+ 11.Ke2 Be4 12.Bxe4 dxe4 13.Nd2 Qb5+ 
14.Ke1 f5 15.Qb3+ Qxb3 16.Nxb3 Nd7 17.Ke2 g5 18.Be5 c5 19.f4 Rac8 20.
Rac1 c4 21.Nd2 b5 22.Nb1 b4 23.a3 a5 24.Rc2 gxf4 25.Bxf4 Rc6 26.Nd2 
Rfc8 27.Rhc1 c3 28.bxc3 Rxc3 29.Rxc3 bxc3 30.Nb3 Bxa3 31.Rc2 a4 32.
Na5 Nb6 33.Nb7 Nd5 34.Bd6 Bxd6 35.Nxd6 Rb8 36.Nc4 Rb4 37.Na3 Rb3 38.
Nc4 a3 39.Nxa3 Rxa3 40.h3 Nb4 41.Rc1 Ra2+ 42.Kd1 Rd2+ 43.Ke1 Nd3+ 44.
Kf1 Nxc1 45.Ke1 Nd3+ 46.Kf1 c2 47.d5 c1=Q# 0-1

[Event "XVe Open International de l'Indre"]
[Site "Chateauroux - FRA"]
[Date "2014.10.26"]
[Round "2.25"]
[White "Triboulet, Benjamin"]
[Black "Zarebska, Lena"]
[Result "1-0"]
[WhiteElo "1654"]
[BlackElo "1201"]
[Board "25"]
[Input " "]
[Owner "FFE"]

1.e4 c5 2.Nf3 d6 3.Bb5+ Bd7 4.Bxd7+ Nxd7 5.O-O Ngf6 6.Re1 g6 7.c3 Bg7
8.d4 O-O 9.Bg5 Qb6 10.Qc1 cxd4 11.cxd4 Rac8 12.Nc3 Rfe8 13.Qd2 Nb8 
14.Bxf6 Bxf6 15.Nd5 Qc6 16.Rac1 Qa4 17.b3 Qa6 18.Nc7 Rxc7 19.Rxc7 Nc6
20.e5 Qb6 21.Rxc6 Qxc6 22.exf6 e6 23.Qh6 Rc8 24.Qg7# 1-0

[Event "XVe Open International de l'Indre"]
[Site "Chateauroux - FRA"]
[Date "2014.10.26"]
[Round "3.1"]
[White "Sobry, Sebastien"]
[Black "Inkiov, Ventzislav"]
[Result "0-1"]
[WhiteElo "2033"]
[BlackElo "2435"]
[Board "1"]
[Input " "]
[Owner "FFE"]

1.e4 c5 2.Nf3 d6 3.d4 cxd4 4.Nxd4 Nf6 5.Nc3 Nc6 6.Bg5 e6 7.Qd2 Be7 8.
O-O-O Nxd4 9.Qxd4 O-O 10.f4 Qa5 11.e5 dxe5 12.Qxe5 Qxe5 13.fxe5 Nd5 
14.Bxe7 Nxe7 15.Bd3 b6 16.Be4 Rb8 17.Rhe1 b5 18.a4 bxa4 19.Nxa4 Rb5 
20.c4 Rb4 21.b3 Rxb3 22.Kc2 Rb4 23.Nb2 Ba6 24.Ra1 Bxc4 25.Rxa7 Bd5 
26.Bxd5 Nxd5 27.Nd3 Rc4+ 28.Kd2 Rd8 29.Ke2 h6 30.Nf2 Rb8 31.Nd1 Rc2+ 
32.Kf1 Rb1 33.Ra3 Rcc1 34.Rd3 Rxd1 35.Rexd1 Rxd1+ 0-1

[Event "XVe Open International de l'Indre"]
[Site "Chateauroux - FRA"]
[Date "2014.10.26"]
[Round "3.2"]
[White "Battaglini, Gabriel"]
[Black "Valette, Christian"]
[Result "1/2-1/2"]
[WhiteElo "2430"]
[BlackElo "2042"]
[Board "2"]
[Input " "]
[Owner "FFE"]

1.d4 Nf6 2.c4 e6 3.Nc3 Bb4 4.g3 O-O 5.Bg2 c5 6.Nf3 cxd4 7.Nxd4 d5 8.
cxd5 Bxc3+ 9.bxc3 exd5 10.O-O Nc6 11.Bg5 Be6 12.Rb1 Na5 13.f4 Rc8 14.
f5 Bd7 15.Bxd5 h6 16.Bxf6 Qxf6 17.Qd3 b6 18.c4 Rfd8 19.Ne6 Re8 20.e4 
Nc6 21.Nf4 Ne5 22.Qd1 Qe7 23.f6 Qc5+ 24.Kh1 Bg4 25.Qb3 g5 26.Nd3 Nxd3
27.Qxd3 Re5 28.Rb5 Qc7 29.c5 Be6 30.cxb6 axb6 31.Bxe6 Rxe6 32.h4 Qc6 
33.Rd5 Rce8 34.hxg5 Rxe4 35.g6 R4e5 36.Rd1 Rxd5 37.Qxd5 Qxf6 38.gxf7+
Qxf7 39.Qxf7+ Kxf7 40.Rd2 Re6 41.Kg2 Kg6 42.Kf3 Kg5 43.Rd5+ Kg6 44.
Rb5 Kf6 45.Rb4 Kg6 {Etc...} 1/2-1/2

[Event "XVe Open International de l'Indre"]
[Site "Chateauroux - FRA"]
[Date "2014.10.26"]
[Round "3.3"]
[White "Kessler, Stefan"]
[Black "Liohki, Nikola"]
[Result "0-1"]
[WhiteElo "2023"]
[BlackElo "2410"]
[Board "3"]
[Input " "]
[Owner "FFE"]

1.c4 e6 2.e4 d5 3.exd5 exd5 4.d4 Nf6 5.Nf3 Bb4+ 6.Bd2 Bxd2+ 7.Nbxd2 
O-O 8.Be2 dxc4 9.Nxc4 Nc6 10.Nce5 Ne7 11.O-O Be6 12.Bc4 Bxc4 13.Nxc4 
c6 14.Re1 Qc7 15.Qc2 Rfe8 16.Re2 Ned5 17.Rae1 Rxe2 18.Qxe2 h6 19.Qd2 
Rd8 20.Qc2 Nf4 21.Ne3 Ne6 22.Rd1 Qf4 23.Qc3 Nd5 24.Qa3 Qe4 25.Qb3 
Ndf4 26.Qc3 Ne2+ 0-1

[Event "XVe Open International de l'Indre"]
[Site "Chateauroux - FRA"]
[Date "2014.10.26"]
[Round "3.4"]
[White "Bujisho, Benjamin"]
[Black "Viers, Emmanuel"]
[Result "1-0"]
[WhiteElo "2350"]
[BlackElo "2035"]
[Board "4"]
[Input " "]
[Owner "FFE"]

1.d4 d5 2.c4 e6 3.Nc3 Nf6 4.cxd5 exd5 5.Bg5 Be7 6.e3 h6 7.Bh4 O-O 8.
Bd3 c6 9.Qc2 Be6 10.Nge2 Nbd7 11.O-O Rc8 12.Rad1 Re8 13.f3 Qc7 14.Kh1
c5 15.Bb5 a6 16.Bxd7 Qxd7 17.dxc5 Rxc5 18.Qb1 Rc4 19.Bf2 Qc7 20.Nf4 
Rd8 21.Nce2 Bd6 22.b3 Rc5 23.Bg3 b5 24.Nd4 Bxf4 25.Bxf4 Qd7 26.Bg3 
Rdc8 27.Be1 R5c7 28.Bb4 Ne8 29.Qb2 Nd6 30.e4 Nb7 31.h3 a5 32.Be1 b4 
33.Kh2 Nd8 34.f4 f6 35.e5 fxe5 36.fxe5 Rc5 37.a3 bxa3 38.Qxa3 Nf7 39.
Bxa5 Nxe5 40.Bb4 R5c7 41.Rfe1 Ra7 42.Qb2 Nc6 43.Bc5 Nxd4 44.Bxa7 Qxa7
45.Qxd4 Qb8+ 46.Qe5 Bf7 47.Rd4 Qxb3 48.Rg4 g5 49.Rg3 Qb6 50.Rf1 Qg6 
51.Rf6 Qg7 52.Qd6 Kh7 53.Rgf3 Bg8 54.Re3 Rc7 55.Rxh6+ Qxh6 56.Qxc7+ 
Kh8 57.Re7 Qf6 58.Qe5 Qxe5+ 59.Rxe5 g4 60.Rh5+ Bh7 61.Rxd5 gxh3 62.
Kxh3 Kg7 63.Rd6 Be4 64.g3 Bb1 65.Kh4 Bc2 66.Kg5 Bb3 67.Rd7+ Kh8 68.
Kf6 1-0

[Event "XVe Open International de l'Indre"]
[Site "Chateauroux - FRA"]
[Date "2014.10.26"]
[Round "3.5"]
[White "Malczyk, Jakub"]
[Black "Viers, Matthieu"]
[Result "1/2-1/2"]
[WhiteElo "2068"]
[BlackElo "1794"]
[Board "5"]
[Input " "]
[Owner "FFE"]

1.d4 d6 2.Nf3 Nf6 3.h3 g6 4.c4 Bg7 5.Nc3 Na6 6.e4 O-O 7.Bg5 Nd7 8.Bd3
c6 9.a3 Nc7 10.Qd2 Ne6 11.Be3 c5 12.Ne2 cxd4 13.Nexd4 Nec5 14.b4 
Nxd3+ 15.Qxd3 Ne5 16.Qb3 Nxf3+ 17.gxf3 Be6 18.Nxe6 fxe6 19.Rd1 Rxf3 
20.Ke2 Rf8 21.h4 Qe8 22.h5 gxh5 23.Rdg1 Kh8 24.Rg3 Bf6 25.Bh6 Rg8 26.
Rhg1 Rg6 27.Qe3 Qf7 28.Rh1 Rxg3 29.Qxg3 Rg8 30.Qf3 Qg6 31.Rxh5 Qg4 
32.Be3 Qxf3+ 33.Kxf3 Rf8 34.Ke2 a6 35.c5 Rc8 36.f4 Bb2 37.a4 1/2-1/2